| 000 | 00447nam a22001817a 4500 | ||
|---|---|---|---|
| 003 | NUST - PNEC | ||
| 005 | 20170116180907.0 | ||
| 008 | 150902b xxu||||| |||| 00| 0 eng d | ||
| 020 | _a0408700335 | ||
| 040 | _cLIBRARY | ||
| 082 | _a627.125 VAL | ||
| 100 |
_96727 _aVallentine, H. R. |
||
| 245 |
_aApplied hydrodynamics _cH. R. Vallentine |
||
| 250 | _aS. I. ed. | ||
| 260 | _cc.1970 | ||
| 650 |
_96732 _aHydrodynamics _xME |
||
| 942 |
_2ddc _cBK |
||
| 999 |
_c65128 _d65128 |
||